000 00296 a2200121 4500
005 20260429094607.0
020 _a9788775658205
100 _aKING,P
245 _aInternational Communication
260 _aUNITED STATES
_bPatrickingConsulting.com
_c2026
300 _a173p:
_c20.4cm
942 _2ddc
_cBKS
999 _c6873
_d6873